Advanced cost accounting / (Record no. 79679)

MARC details
000 -LEADER
fixed length control field 00727nam a22002177a 4500
005 - DATE AND TIME OF LATEST TRANSACTION
control field 20131106144122.0
010 ## - LCCN (DPL NO)
LC control number B-495547-558
020 ## - INTERNATIONAL STANDARD BOOK NUMBER
International Standard Book Number 9789350514672
Terms of availability 698.00
035 ## - SYSTEM CONTROL NUMBER
System control number B-495547-558
037 ## - SOURCE OF ACQUISITION
Source of stock number/acquisition HPH/Ven
Stock number dpl
082 ## - DEWEY DECIMAL CLASSIFICATION NUMBER
Classification number 657.42
100 ## - MAIN ENTRY--PERSONAL NAME
Personal name Madegowda, J.
245 ## - TITLE STATEMENT
Title Advanced cost accounting /
Statement of responsibility, etc by J.Madegowda
250 ## - EDITION STATEMENT
Edition statement 2nd ed
260 ## - PUBLICATION, DISTRIBUTION, ETC. (IMPRINT)
Place of publication, distribution, etc Mumbai
Name of publisher, distributor, etc Himalaya Publishing House
Date of publication, distribution, etc 2012
270 ## - ADDRESS
Address Ramdoot, Dr. Bhalerao Marg, Girgaon
City Mumbai
Postal code 400004
300 ## - PHYSICAL DESCRIPTION
Extent 1074p.
Dimensions 30cm(pbk)
500 ## - GENERAL NOTE
General note includes index and bibliographical references
942 ## - ADDED ENTRY ELEMENTS (KOHA)
Source of classification or shelving scheme Dewey Decimal Classification
Item type English Books
Call number prefix MAD
Classification part 657.42
Holdings
Withdrawn status Lost status Not for loan Collection code Home library Current library Date acquired Source of acquisition Cost, normal purchase price Full call number Barcode Copy number Cost, replacement price Koha item type
      Non-fiction Central Library Central Library 06/11/2013 HPH/A4434489/09.03.13/170/09.03.2013/15.03.2013 698.00 657.42 B-495547 2 698.00 English Books
      Non-fiction Central Library Central Library 06/11/2013 HPH/A4434489/09.03.13/170/09.03.2013/15.03.2013 698.00 657.42 B-495548 2 698.00 English Books
      Non-fiction Central Library Central Library 06/11/2013 HPH/A4434489/09.03.13/170/09.03.2013/15.03.2013 698.00 657.42 B-495558 1 698.00 English Books
      Non-fiction Janak Puri Janak Puri 06/11/2013 HPH/A4434489/09.03.13/170/09.03.2013/15.03.2013 698.00 657.42 B-495554 1 698.00 English Books
      Non-fiction Karol Bagh Karol Bagh 06/11/2013 HPH/A4434489/09.03.13/170/09.03.2013/15.03.2013 698.00 657.42 B-495556 1 698.00 English Books
      Non-fiction Kasturba Gandhi Marg Kasturba Gandhi Marg 06/11/2013 HPH/A4434489/09.03.13/170/09.03.2013/15.03.2013 698.00 657.42 B-495553 1 698.00 English Books
      Non-fiction Mobile Library Mobile Library 06/11/2013 HPH/A4434489/09.03.13/170/09.03.2013/15.03.2013 698.00 657.42 B-495549 2 698.00 English Books
      Non-fiction Mobile Library Mobile Library 06/11/2013 HPH/A4434489/09.03.13/170/09.03.2013/15.03.2013 698.00 657.42 B-495550 2 698.00 English Books
      Non-fiction New Police Line New Police Line 06/11/2013 HPH/A4434489/09.03.13/170/09.03.2013/15.03.2013 698.00 657.42 B-495551 1 698.00 English Books
      Non-fiction Patel Nagar Patel Nagar 06/11/2013 HPH/A4434489/09.03.13/170/09.03.2013/15.03.2013 698.00 657.42 B-495552 1 698.00 English Books
      Non-fiction Sarojini Nagar Sarojini Nagar 06/11/2013 HPH/A4434489/09.03.13/170/09.03.2013/15.03.2013 698.00 657.42 B-495555 1 698.00 English Books
      Non-fiction Shahdara Branch Shahdara Branch 06/11/2013 HPH/A4434489/09.03.13/170/09.03.2013/15.03.2013 698.00 657.42 B-495557 1 698.00 English Books

© Delhi Public Library
Hit Counter
free hit counter